Saint-Paul-de-Vence - Choix multiples - Statistiques

Statistiques générales
  • Ce quiz a été pris 7 fois
  • Le résultat moyen est 5 sur 10
Statistiques - réponses
Question Réponse % Correct
Parmi les grandes villes suivantes, laquelle est la plus proche de Saint-Paul-de-Vence ? Nice
86%
Reconnaissez-vous Saint-Paul-de-Vence sur l'une des images suivantes ?
71%
Quel couple célèbre du cinéma se maria à Saint-Paul-de-Vence et se sont attablés à l'auberge précédente, le jour de leur mariage ? Simone Signoret et Yves Montand
71%
De 1911 à 1933, une ligne de tramway franchissait cet ancien viaduc. Quelle ville était reliée à Vence par cette ligne de tramway ? Cagnes-sur-Mer
57%
Quelle auberge de renom à Saint-Paul vit passer des personnalités telles que Charles Chaplin, Sophia Loren ou Orson Welles et abrite des œuvres de Modigliani ou de Matisse ? La Colombe d'or
57%
Quel pays a bombardé le viaduc de Libac sur le Malvan en 1944 qui reliait Saint-Paul-de-Vence et Vence ? L'Allemagne
43%
Que fait-on traditionnellement sur la place de l'entrée du village de Saint-Paul-de-Vence ? On joue aux boules
43%
Après le bombardement précédent subsista seulement le pilier central de l'ancien viaduc en 1945. Il a été dynamité par le génie civil en 1966. Quel cinéaste immortalisa la scène du dynamitage en 1966 pour son film "Ne nous fâchons pas" ? Georges Lautner
29%
Quelle variété de rose, cultivée pour la parfumerie de luxe, a fait la renommée de Saint-Paul-de-Vence, surtout au début du XXe siècle ? La rose de mai
29%
Quel artiste-peintre réalisa le tableau dédié à sainte Catherine d'Alexandrie que l'on trouve dans l'Église collégiale de la Conversion-de-Saint-Paul à Saint-Paul-de-Vence ? Le Tintoret
14%
Aucun quiz correspondant
Distribution des résultats
% des personnes avec chaque résultat
Percentile par nombre de réponses
Votre historique - résultats
Vous n’avez pas pris ce quiz